000 00424nam a2200157Ia 4500
008 230312s9999||||xx |||||||||||||| ||und||
020 _a0-07-470257-2
082 _a658.8
_bMCC-S
100 _aRod McColl Bill Callaghan
245 0 _aServices Marketing
260 _bMcGraw Hill
_aAustralia
_c1998
300 _a532
546 _aEng.
650 _aManagement
_vWhat is marketing? What are Services
942 _cBK
999 _c397
_d397